Music Quiz

Random Music or Lyrics Quiz

'Space Oddity' Lyrics Quiz Stats

 Plays Quiz Updated Mar 9, 2014

Also try: Bohemian Rhapsody
Challenge
Share
Tweet
Embed
Score 0/204 Timer 07:00
0 Plays Today
% Correct
to
98.2%
to
98.2%
to
98.2%
to
98.2%
to
98.2%
to
98.2%
to
98.2%
to
98.2%
to
98.2%
I
97.3%
I
97.3%
I
97.3%
I
97.3%
I
97.3%
I
97.3%
Major
96.5%
Major
96.5%
Major
96.5%
Major
96.5%
Major
96.5%
Major
96.5%
Major
96.5%
Major
96.5%
Major
96.5%
Tom
96.4%
Tom
96.3%
Tom
96.3%
Tom
96.3%
Tom
96.3%
Tom
96.3%
Tom?
96.3%
Tom?
96.3%
Tom?
96.3%
Control
96.2%
Control
96.2%
Control
96.2%
Control
96.2%
Control
96.2%
a
96.2%
a
96.2%
Control
96.2%
Ground
96%
Ground
96%
Ground
95.9%
Ground
95.9%
Ground
95.9%
Ground
95.9%
you
95.4%
you
95.4%
you
95.4%
you
95.4%
you
95.4%
you
95.4%
you....
95.4%
the
93.7%
the
93.7%
the
93.7%
the
93.7%
the
93.7%
the
93.7%
the
93.7%
is
92.2%
is
92.2%
is
92.2%
is
92.2%
and
92.1%
and
92.1%
And
92.1%
% Correct
And
92.1%
And
92.1%
And
92.1%
And
92.1%
And
92.1%
can
89.8%
can
89.8%
Can
89.8%
Can
89.8%
Can
89.8%
Can
89.8%
can
89.8%
can
89.8%
on
88.8%
on
88.8%
in
88.3%
in
88.3%
This
87.2%
This
87.2%
do
83.7%
do.
83.7%
me,
83.3%
me,
83.3%
me,
83.3%
hear
82%
hear
82%
hear
82%
your
81.4%
your
81.4%
Your
81.4%
her
80.7%
love
79.7%
love
79.7%
Earth
79.3%
Earth
79.3%
go
78.7%
tin
78.7%
tin
78.7%
there's
76.1%
there's
76.1%
there's
76.1%
very
75.8%
very
75.8%
very
75.8%
nothing
75.6%
nothing
75.6%
my
75.4%
my
75.4%
my
75.4%
floating
75.2%
floating
75.2%
be
74.9%
know
74%
I'm
73.2%
I'm
73.2%
I'm
73.2%
I'm
73.2%
Far
72.1%
Far
72.1%
blue
71.9%
blue
71.9%
Am
71.9%
am
71.9%
way
71.8%
way
71.8%
Planet
70.9%
Planet
70.9%
with
70%
% Correct
here
70%
Here
70%
put
69%
wife
68.7%
world
67.8%
helmet
67.4%
above
67%
above
67%
Tell
66.2%
most
66%
today
65.5%
look
65.4%
much.
64.7%
peculiar
64.4%
may
63.8%
Take
63.4%
different
63.3%
God's
63.2%
engines
62.9%
want
62.9%
10 9 8 7 6 5 4 3 2 1 Liftoff
62.3%
She
62.2%
really
61.5%
protein
60.8%
stars
60.1%
countdown,
60.1%
sitting
59.4%
pills
59.3%
wear
58.9%
knows
58.9%
knows.
58.9%
made
58.8%
You've
56.9%
papers
56.9%
something
56.5%
wrong
56%
grade
55.4%
if
55.4%
ignition
54%
Commencing
53.3%
through
53.1%
whose
53%
it's
51.9%
door
50.7%
shirts
50.2%
Check
50%
stepping
49.6%
Now
49.1%
time
49%
dead,
47.4%
which
46.8%
dare
46.8%
capsule
46.1%
For
45.3%
circuit's
44.9%
leave
44.8%
one
44%
spaceship
42.3%
Moon
42.1%
feeling
40.7%
think
38.2%
miles
31.9%
hundred
30.9%
thousand
30.7%
still
28.5%
Though
25.2%
round
24.5%
past
22.3%

You're not logged in!

Compare scores with friends on all Sporcle quizzes.
OR
Log In

You Might Also Like...

Show Comments

Extras

Top Quizzes Today


Score Distribution

Your Account Isn't Verified!

In order to create a playlist on Sporcle, you need to verify the email address you used during registration. Go to your Sporcle Settings to finish the process.

Report this User

Report this user for behavior that violates our Community Guidelines.

Details: